| 000 | 00954nmm a2200301 a 4500 | ||
|---|---|---|---|
| 003 | AR-BaBNM | ||
| 005 | 20251128203838.0 | ||
| 008 | 207019s1957 ||||||||||||||000 | spa|| | ||
| 040 | _cAR-BaBNM | ||
| 100 | 1 | _aReynoso, Jorge | |
| 245 | 1 | 0 |
_aPan y luz _bniños en el campo : para la legislación escolar argentina, estudio crítico de la Ley Nro. 12.558 de "Ayuda a la Niñez en Edad Escolar" |
| 260 |
_aBuenos Aires _bEdiciones de 'Sarmiento' _c1957 |
||
| 300 | 0 | _a110 p. | |
| 650 | 4 | _aHISTORIA DE LA EDUCACION | |
| 650 | 4 | _aPOBLACION RURAL | |
| 650 | 4 | _aZONAS RURALES | |
| 650 | 4 | _aPROBLEMAS SOCIALES | |
| 650 | 4 | _aSERVICIOS ESCOLARES DE SALUD | |
| 650 | 4 | _aACTIVIDADES PARA LA SALUD | |
| 650 | 4 | _aLEGISLACION ESCOLAR | |
| 650 | 4 | _aLEGISLACION ARGENTINA | |
| 651 | 4 | _aArgentina | |
| 653 | 0 | _aLEGISLACION EDUCATIVA | |
| 653 | 0 | _aESCUELAS HOGARES | |
| 700 | 1 |
_aPalacios, Alfredo Lorenzo _eprologuista |
|
| 942 | _cBK | ||
| 998 | _csilvi | ||
| 999 |
_c5156 _d5156 |
||